[Event "24. European Club Cup 2008 Femenino"]
[Site "Kallithea GRE"]
[Date "2008.10.17"]
[Round "1.6"]
[White "Kursova, Maria"]
[Black "Weigel, Marie"]
[Result "0-1"]
[WhiteElo "2286"]
[BlackElo "1865"]
[PlyCount "76"]
[EventDate "2008.10.17"]
[EventType "team-tourn"]
[EventRounds "7"]
[EventCountry "GRE"]
[Source "lmi"]
[SourceDate "2008.10.17"]
[WhiteTeam "Saratov"]
[BlackTeam "Vandoeucre"]

1. d4 d5 2. Nf3 Nf6 3. c4 e6 4. Nc3 Be7 5. Bg5 h6 6. Bf4 O-O 7. e3 Nbd7 8. h3
c6 9. Bd3 dxc4 10. Bxc4 b5 11. Be2 Bb7 12. O-O b4 13. Na4 c5 14. Ne5 cxd4 15.
exd4 Qa5 16. b3 Rfd8 17. Nc4 Qf5 18. Bc7 Rdc8 19. Bg3 Nd5 20. Bd3 Qg5 21. h4
Qf6 22. Na5 Bc6 23. Nxc6 Rxc6 24. Bb5 Rac8 25. Bxc6 Rxc6 26. Qd3 Bd6 27. Qb5
Ne7 28. Bxd6 Rxd6 29. Qxb4 Rxd4 30. Qb7 Ne5 31. Rae1 N7c6 32. f4 Rxf4 33. Qb5
Qxh4 34. Re3 Ng4 35. Rh3 Qf6 36. Rd1 Nd4 37. Qb8+ Kh7 38. Nc3 Nf2 0-1

[Event "24. European Club Cup 2008 Femenino"]
[Site "Kallithea GRE"]
[Date "2008.10.17"]
[Round "1.7"]
[White "Hoang, Thanh Trang"]
[Black "Botvinnik, Irina"]
[Result "1-0"]
[WhiteElo "2483"]
[BlackElo "2239"]
[PlyCount "43"]
[EventDate "2008.10.17"]
[EventType "team-tourn"]
[EventRounds "7"]
[EventCountry "GRE"]
[Source "lmi"]
[SourceDate "2008.10.17"]
[WhiteTeam "Epam"]
[BlackTeam "Herzliya"]

1. d4 d5 2. c4 dxc4 3. e3 Nf6 4. Bxc4 e6 5. Nf3 a6 6. Bb3 b5 7. a4 b4 8. Nbd2
c5 9. O-O Bb7 10. e4 cxd4 11. e5 Nd5 12. Nc4 Nd7 13. Bg5 Qb8 14. Na5 Bc5 15.
Nxd4 Nxe5 16. Nxb7 Qxb7 17. Re1 Qb6 18. Bxd5 exd5 19. Rxe5+ Kf8 20. Rxd5 Rd8
21. Rc1 Bd6 22. Rc6 1-0

[Event "24. European Club Cup 2008 Femenino"]
[Site "Kallithea GRE"]
[Date "2008.10.17"]
[Round "1.7"]
[White "Atalik, Ekaterina"]
[Black "Lian, Marina"]
[Result "1-0"]
[WhiteElo "2432"]
[BlackElo "1869"]
[PlyCount "49"]
[EventDate "2008.10.17"]
[EventType "team-tourn"]
[EventRounds "7"]
[EventCountry "GRE"]
[Source "lmi"]
[SourceDate "2008.10.17"]
[WhiteTeam "Epam"]
[BlackTeam "Herzliya"]

1. d4 Nf6 2. c4 e6 3. Nf3 c5 4. g3 cxd4 5. Nxd4 a6 6. Bg2 Be7 7. O-O O-O 8. Nc3
d6 9. b3 Nbd7 10. Bb2 Qc7 11. Rc1 Ne5 12. Nf3 Bd7 13. Nxe5 dxe5 14. Qc2 Bc6 15.
Nd5 Qd8 16. Nxe7+ Qxe7 17. Bxc6 bxc6 18. Bxe5 Rfd8 19. Bxf6 Qxf6 20. Rfd1 h6
21. c5 a5 22. Rd6 Rac8 23. Rcd1 Rxd6 24. cxd6 e5 25. Qc5 1-0

[Event "24. European Club Cup 2008 Femenino"]
[Site "Kallithea GRE"]
[Date "2008.10.17"]
[Round "1.8"]
[White "Grapsa, Georgia"]
[Black "Peptan, Corina-Isabela"]
[Result "1-0"]
[WhiteElo "2121"]
[BlackElo "2430"]
[PlyCount "135"]
[EventDate "2008.10.17"]
[EventType "team-tourn"]
[EventRounds "7"]
[EventCountry "GRE"]
[Source "lmi"]
[SourceDate "2008.10.17"]
[WhiteTeam "Galaxias"]
[BlackTeam "Iasi"]

1. d4 Nf6 2. c4 e6 3. g3 c5 4. Nf3 cxd4 5. Nxd4 a6 6. Bg2 Qc7 7. b3 Be7 8. O-O
O-O 9. Nc3 d5 10. Qd3 dxc4 11. Qxc4 Qxc4 12. bxc4 Rd8 13. Nb3 Nbd7 14. Rb1 a5
15. Na4 Ra6 16. Bf4 e5 17. Be3 e4 18. Bc5 Re8 19. Rfd1 Bd8 20. Bd6 b6 21. Nd4
Bb7 22. Rb5 Ra8 23. c5 bxc5 24. Rxb7 cxd4 25. Rxd4 Nf8 26. Nc5 Ne6 27. Nxe6
Rxe6 28. Bh3 Re8 29. Kg2 g6 30. a4 h5 31. Bc5 Re5 32. Bd6 Rd5 33. e3 Rxd4 34.
exd4 Nd5 35. Bd7 Ra6 36. Bc5 e3 37. fxe3 Nxe3+ 38. Kf3 Bg5 39. h4 Bh6 40. Ke4
Nf1 41. d5 Nxg3+ 42. Kf3 Nf1 43. Bc6 Nd2+ 44. Ke2 Ne4 45. Rb8+ Kh7 46. Bd4 Bg7
47. Kd3 Nd6 48. Bc5 Be5 49. Rd8 Nf5 50. Kc4 Bc7 51. Rd7 Bb6 52. Rxf7+ Kg8 53.
Rf8+ Kg7 54. Rb8 Bxc5 55. Kxc5 Kf6 56. d6 Nd4 57. Bd5 Ne6+ 58. Bxe6 Kxe6 59.
Rg8 Ra7 60. Rxg6+ Kf7 61. Rg5 Rb7 62. Rxh5 Rb4 63. Kc6 Rc4+ 64. Rc5 Rxh4 65. d7
Rd4 66. Kc7 Ke7 67. Re5+ Kf7 68. d8=Q 1-0

[Event "24. European Club Cup 2008 Femenino"]
[Site "Kallithea GRE"]
[Date "2008.10.17"]
[Round "1.8"]
[White "Cosma, Elena Luminita"]
[Black "Papathanasiou, Ageliki"]
[Result "1-0"]
[WhiteElo "2340"]
[BlackElo "1866"]
[PlyCount "37"]
[EventDate "2008.10.17"]
[EventType "team-tourn"]
[EventRounds "7"]
[EventCountry "GRE"]
[Source "lmi"]
[SourceDate "2008.10.17"]
[WhiteTeam "Iasi"]
[BlackTeam "Galaxias"]

1. d4 d5 2. c4 c6 3. cxd5 cxd5 4. Bf4 Bf5 5. Nc3 Nc6 6. e3 a6 7. Qb3 e6 8. Qxb7
Nb4 9. Nb5 Nc2+ 10. Kd1 Be7 11. Nc7+ Kf8 12. Rc1 Rc8 13. Bxa6 e5 14. Bxe5 Bd6
15. Qxd5 Bxc7 16. Qxd8+ Rxd8 17. Bxc7 Ra8 18. Bd6+ Ne7 19. Bc4 1-0

[Event "24. European Club Cup 2008 Femenino"]
[Site "Kallithea GRE"]
[Date "2008.10.17"]
[Round "1.8"]
[White "Haritopoulou, Maria-Anna"]
[Black "Motoc, Alina"]
[Result "0-1"]
[WhiteElo "1688"]
[BlackElo "2313"]
[PlyCount "74"]
[EventDate "2008.10.17"]
[EventType "team-tourn"]
[EventRounds "7"]
[EventCountry "GRE"]
[Source "lmi"]
[SourceDate "2008.10.17"]
[WhiteTeam "Galaxias"]
[BlackTeam "Iasi"]

1. d4 Nf6 2. c4 g6 3. Nc3 Bg7 4. e4 d6 5. Nge2 O-O 6. Ng3 c6 7. Be2 a6 8. a4 h5
9. O-O h4 10. Nh1 Nh7 11. Be3 Nd7 12. Qd2 e5 13. d5 c5 14. f3 f5 15. exf5 gxf5
16. f4 e4 17. Nf2 Rf6 18. Nh3 Rh6 19. Qd1 Bf6 20. Rc1 Ndf8 21. Nf2 Qe8 22. Nh3
Bd7 23. b3 Qe7 24. Rf2 Kh8 25. Qe1 Ng6 26. Qf1 Bd4 27. Nd1 Rg8 28. Rb1 Qg7 29.
Kh1 Ngf8 30. Kg1 Nf6 31. Kh1 Ng4 32. Bxg4 fxg4 33. Ng1 g3 34. Rd2 h3 35. gxh3
gxh2 36. Rxh2 Qh7 37. Rc1 Bg4 0-1

[Event "24. European Club Cup 2008 Femenino"]
[Site "Kallithea GRE"]
[Date "2008.10.17"]
[Round "1.8"]
[White "Paulet, Iozefina"]
[Black "Papathanasiou, Elisavet"]
[Result "1-0"]
[WhiteElo "2307"]
[BlackElo "1582"]
[PlyCount "61"]
[EventDate "2008.10.17"]
[EventType "team-tourn"]
[EventRounds "7"]
[EventCountry "GRE"]
[Source "lmi"]
[SourceDate "2008.10.17"]
[WhiteTeam "Iasi"]
[BlackTeam "Galaxias"]

1. e4 c5 2. Nc3 Nc6 3. Nf3 g6 4. d4 cxd4 5. Nxd4 Bg7 6. Be3 Nf6 7. f3 O-O 8.
Qd2 a6 9. O-O-O Nxd4 10. Bxd4 d6 11. g4 b5 12. h4 b4 13. Nd5 Nxd5 14. Bxg7 Kxg7
15. exd5 Qa5 16. Kb1 Bd7 17. h5 Rh8 18. h6+ Kf8 19. Re1 Bb5 20. Re4 Bxf1 21.
Rxf1 Rb8 22. Rfe1 Rb7 23. a3 Qc5 24. axb4 Qc7 25. g5 Rb5 26. Qd4 Rg8 27. Rxe7
Qxe7 28. Rxe7 Kxe7 29. Qf6+ Ke8 30. Qxd6 Rf8 31. c4 1-0

[Event "24. European Club Cup 2008 Femenino"]
[Site "Kallithea GRE"]
[Date "2008.10.17"]
[Round "1.9"]
[White "Chelushkina, Irina"]
[Black "Genzling, Sylvie"]
[Result "1/2-1/2"]
[WhiteElo "2360"]
[BlackElo "1936"]
[PlyCount "81"]
[EventDate "2008.10.17"]
[EventType "team-tourn"]
[EventRounds "7"]
[EventCountry "GRE"]
[Source "lmi"]
[SourceDate "2008.10.17"]
[WhiteTeam "Rudovci"]
[BlackTeam "Bischwiller"]

1. g3 Nf6 2. Bg2 d5 3. Nf3 e6 4. O-O Be7 5. d3 O-O 6. Nbd2 Nc6 7. a3 a5 8. e4
dxe4 9. dxe4 e5 10. Nh4 Re8 11. Nf5 Bf8 12. Re1 Be6 13. Re3 Qc8 14. g4 g6 15.
Rg3 Rd8 16. Qf1 Rd7 17. Bf3 Qd8 18. Qh3 Rxd2 19. Bxd2 Qxd2 20. Ne3 Qd8 21. Rd1
Qe8 22. Qh4 Bg7 23. g5 Nd7 24. Bg4 Nc5 25. Rh3 Rd8 26. Re1 Qe7 27. Nf5 gxf5 28.
exf5 Bxf5 29. Bxf5 Ne6 30. Bxe6 Qxe6 31. Qxh7+ Kf8 32. Rg3 Nd4 33. h4 Nf5 34.
Rf3 Nd4 35. Rg3 Nf5 36. Rc3 Rd4 37. Rh3 Rg4+ 38. Kh2 Rf4 39. Kg2 Rg4+ 40. Kh2
Rf4 41. Kg1 1/2-1/2

[Event "24. European Club Cup 2008 Femenino"]
[Site "Kallithea GRE"]
[Date "2008.10.17"]
[Round "1.9"]
[White "Olarasu, Gabriela"]
[Black "Fischer, Julie"]
[Result "1-0"]
[WhiteElo "2297"]
[BlackElo "1664"]
[PlyCount "33"]
[EventDate "2008.10.17"]
[EventType "team-tourn"]
[EventRounds "7"]
[EventCountry "GRE"]
[Source "lmi"]
[SourceDate "2008.10.17"]
[WhiteTeam "Rudovci"]
[BlackTeam "Bischwiller"]

1. Nf3 Nc6 2. d4 d6 3. e4 Nf6 4. Nc3 Bg4 5. Bb5 Bd7 6. e5 dxe5 7. dxe5 Ng4 8.
Qe2 a6 9. Bc4 Bf5 10. h3 Nh6 11. g4 Bg6 12. e6 Nd4 13. Nxd4 Qxd4 14. Be3 Qd6
15. Rd1 Qb4 16. a3 Qxb2 17. Qd2 1-0

[Event "24. European Club Cup 2008 Femenino"]
[Site "Kallithea GRE"]
[Date "2008.10.18"]
[Round "2.1"]
[White "Cosma, Elena Luminita"]
[Black "Kosintseva, Tatiana"]
[Result "1/2-1/2"]
[WhiteElo "2340"]
[BlackElo "2513"]
[PlyCount "60"]
[EventDate "2008.10.17"]
[EventType "team-tourn"]
[EventRounds "7"]
[EventCountry "GRE"]
[Source "lmi"]
[SourceDate "2008.10.17"]
[WhiteTeam "Iasi"]
[BlackTeam "Vidnoe"]

1. d4 Nf6 2. Nf3 b6 3. g3 Bb7 4. Bg2 c5 5. O-O e6 6. c4 cxd4 7. Qxd4 Be7 8. Nc3
d6 9. Rd1 a6 10. Bg5 Nbd7 11. Nd2 Bxg2 12. Kxg2 Rc8 13. Nde4 Rc6 14. Nxf6+ Bxf6
15. Bxf6 Nxf6 16. Ne4 Nxe4 17. Qxe4 Qc7 18. b3 O-O 19. a4 h6 20. Rd3 Rb8 21. h4
Rc8 22. Qf3 Rc5 23. Rad1 Rd8 24. Qf4 Rc6 25. Kg1 Qb8 26. Qf3 Rc5 27. Qf4 Rc6
28. Qf3 Rc5 29. Qf4 Rc6 30. Qf3 Rc5 1/2-1/2

[Event "24. European Club Cup 2008 Femenino"]
[Site "Kallithea GRE"]
[Date "2008.10.18"]
[Round "2.1"]
[White "Kosintseva, Nadezhda"]
[Black "Motoc, Alina"]
[Result "0-1"]
[WhiteElo "2468"]
[BlackElo "2313"]
[PlyCount "52"]
[EventDate "2008.10.17"]
[EventType "team-tourn"]
[EventRounds "7"]
[EventCountry "GRE"]
[Source "lmi"]
[SourceDate "2008.10.17"]
[WhiteTeam "Vidnoe"]
[BlackTeam "Iasi"]

1. e4 c5 2. Nf3 d6 3. d4 cxd4 4. Nxd4 Nf6 5. Nc3 a6 6. Be3 e5 7. Nb3 Be6 8. Qd2
Be7 9. O-O-O O-O 10. f4 b5 11. f5 Bc4 12. Qe1 Nbd7 13. Bxc4 bxc4 14. Nd2 Qc7
15. Qe2 Rfc8 16. g4 Rab8 17. g5 Qb7 18. Nxc4 Nxe4 19. Nd5 Rxc4 20. Nxe7+ Kf8
21. b3 Ra4 22. f6 Rxa2 23. Qc4 gxf6 24. Kb1 Ra4 25. Qc6 Kxe7 26. gxf6+ Ndxf6
0-1

[Event "24. European Club Cup 2008 Femenino"]
[Site "Kallithea GRE"]
[Date "2008.10.18"]
[Round "2.1"]
[White "Paulet, Iozefina"]
[Black "Ovod, Evgenija"]
[Result "0-1"]
[WhiteElo "2307"]
[BlackElo "2429"]
[PlyCount "224"]
[EventDate "2008.10.17"]
[EventType "team-tourn"]
[EventRounds "7"]
[EventCountry "GRE"]
[Source "lmi"]
[SourceDate "2008.10.17"]
[WhiteTeam "Iasi"]
[BlackTeam "Vidnoe"]

1. e4 e5 2. Nf3 Nc6 3. Bb5 Bc5 4. O-O Nf6 5. c3 O-O 6. d4 Bb6 7. Bg5 h6 8. Bh4
d6 9. Qd3 Qe7 10. Nbd2 Nb8 11. Ba4 c6 12. Rfe1 Nbd7 13. Nc4 Bc7 14. Ne3 Re8 15.
Rad1 Qf8 16. Nd2 Nh5 17. Nf5 g6 18. Qf3 Nf4 19. Ne3 Nd3 20. Rf1 Nxb2 21. Bb3
Nxd1 22. Ng4 d5 23. exd5 e4 24. Nxe4 Rxe4 25. Qxe4 Nxc3 26. Qc2 Nxd5 27. Bxd5
Bxh2+ 28. Kxh2 Qd6+ 29. Kg1 Qxd5 30. Re1 Kg7 31. Qc3 g5 32. Ne3 Qe4 33. d5+ Kh7
34. f3 Qg6 35. Bg3 Nb6 36. dxc6 Qxc6 37. Qd4 Qg6 38. Rc1 Be6 39. Ng4 Bxg4 40.
fxg4 Rc8 41. Rf1 Rc6 42. Qd8 Re6 43. Qc7 Rf6 44. Re1 Qd3 45. Be5 Qd2 46. Bc3
Qf2+ 47. Kh1 Nd5 48. Qe5 Qh4+ 49. Kg1 Qf2+ 50. Kh1 Nxc3 51. Qxc3 Qh4+ 52. Kg1
Qf2+ 53. Kh1 Rd6 54. Qb4 Rd4 55. Qb1+ Kg7 56. Rf1 Qh4+ 57. Kg1 Qxg4 58. Qxb7
Rd7 59. Qb3 Qd4+ 60. Kh1 Qh4+ 61. Kg1 Qd4+ 62. Kh1 a5 63. a4 Qh4+ 64. Kg1 Qd4+
65. Kh1 Qh4+ 66. Kg1 Qb4 67. Qc2 Qd4+ 68. Kh1 Qh4+ 69. Kg1 Qd4+ 70. Kh1 Rd6 71.
Qb3 Qh4+ 72. Kg1 Qd4+ 73. Kh1 Rf6 74. Rxf6 Kxf6 75. Qf3+ Kg7 76. Qc6 Qa1+ 77.
Kh2 Qe5+ 78. Kh1 g4 79. Qb5 Kf6 80. Qf1+ Qf5 81. Qa1+ Kg6 82. Qd4 h5 83. Qd6+
Kh7 84. Qg3 Qe4 85. Qc7 Qd5 86. Qc2+ Kh6 87. Qc3 Qf5 88. Qh8+ Kg5 89. Qd8+ f6
90. Qd2+ Kg6 91. Qa2 Qf1+ 92. Kh2 Qf4+ 93. Kh1 Kg5 94. Qd5+ Kh4 95. Qd1 g3 96.
Qd4 Kg5 97. Qc5+ Qe5 98. Qe3+ Kg6 99. Qd3+ f5 100. Qb1 h4 101. Qb6+ Kh5 102.
Qb1 h3 103. Qd1+ Kg6 104. gxh3 Qe4+ 105. Kg1 Qe3+ 106. Kh1 Qe4+ 107. Kg1 f4
108. h4 Kf5 109. Qd7+ Qe6 110. Qb5+ Kg4 111. Qb1 Qe3+ 112. Kh1 Qf3+ 0-1

[Event "24. European Club Cup 2008 Femenino"]
[Site "Kallithea GRE"]
[Date "2008.10.18"]
[Round "2.2"]
[White "Khurtsidze, Nino"]
[Black "Kovalevskaya, Ekaterina"]
[Result "1/2-1/2"]
[WhiteElo "2417"]
[BlackElo "2439"]
[PlyCount "78"]
[EventDate "2008.10.17"]
[EventType "team-tourn"]
[EventRounds "7"]
[EventCountry "GRE"]
[Source "lmi"]
[SourceDate "2008.10.17"]
[WhiteTeam "Mika"]
[BlackTeam "Podgorica"]

1. d4 Nf6 2. c4 e6 3. Nc3 Bb4 4. Qc2 Nc6 5. Nf3 d6 6. Bd2 O-O 7. a3 Bxc3 8.
Bxc3 Re8 9. Rd1 Qe7 10. b4 e5 11. d5 Nb8 12. e4 Nbd7 13. Be2 Nh5 14. g3 g6 15.
O-O Ng7 16. Ne1 f5 17. f3 Nf6 18. Bd2 fxe4 19. fxe4 Bh3 20. Ng2 Ng4 21. Rf3 Rf8
22. Ne3 Nxe3 23. Bxe3 a5 24. c5 axb4 25. axb4 Nh5 26. Bh6 Rxf3 27. Bxf3 Qf6 28.
Qe2 Ng7 29. Be3 h5 30. Bg2 Bg4 31. Rf1 Bxe2 32. Rxf6 Ra1+ 33. Kf2 Ra2 34. h3
Bd3+ 35. Kg1 Ra1+ 36. Kh2 Ra2 37. Kg1 Ra1+ 38. Kh2 Ra2 39. Kg1 Ra1+ 1/2-1/2

[Event "24. European Club Cup 2008 Femenino"]
[Site "Kallithea GRE"]
[Date "2008.10.18"]
[Round "2.3"]
[White "Korbut, Ekaterina"]
[Black "Hoang, Thanh Trang"]
[Result "1/2-1/2"]
[WhiteElo "2459"]
[BlackElo "2483"]
[PlyCount "101"]
[EventDate "2008.10.17"]
[EventType "team-tourn"]
[EventRounds "7"]
[EventCountry "GRE"]
[Source "lmi"]
[SourceDate "2008.10.17"]
[WhiteTeam "Finek"]
[BlackTeam "Epam"]

1. e4 b6 2. d4 Bb7 3. Bd3 Nf6 4. Qe2 Nc6 5. c3 e5 6. Nf3 exd4 7. e5 Nd5 8. Be4
Nde7 9. Nxd4 Nxd4 10. cxd4 Bxe4 11. Qxe4 c6 12. Bf4 Nd5 13. O-O Qh4 14. g3 Qg4
15. f3 Qg6 16. Nc3 Nxc3 17. bxc3 Qxe4 18. fxe4 Be7 19. a4 O-O 20. Kf2 f6 21.
Ke2 f5 22. Kd3 Rf7 23. exf5 Rxf5 24. g4 Rf7 25. Bg3 Raf8 26. Rxf7 Kxf7 27. c4
Ke6 28. a5 bxa5 29. Rxa5 Rf3+ 30. Ke4 Ra3 31. d5+ Kf7 32. Be1 cxd5+ 33. cxd5
Rxa5 34. Bxa5 Bc5 35. Kf5 g6+ 36. Ke4 Ke7 37. Kd3 Bg1 38. h3 Bf2 39. Kc4 a6 40.
Bc3 Kd8 41. d6 Ke8 42. Kd5 Kf7 43. e6+ Ke8 44. Bb4 Bg3 45. e7 Bf2 46. Kc4 Bg3
47. Bc5 a5 48. Kb5 Be1 49. Bb6 Bb4 50. Bc5 Be1 51. Bb6 1/2-1/2

[Event "24. European Club Cup 2008 Femenino"]
[Site "Kallithea GRE"]
[Date "2008.10.18"]
[Round "2.3"]
[White "Zhukova, Natalia"]
[Black "Atalik, Ekaterina"]
[Result "1/2-1/2"]
[WhiteElo "2488"]
[BlackElo "2432"]
[PlyCount "65"]
[EventDate "2008.10.17"]
[EventType "team-tourn"]
[EventRounds "7"]
[EventCountry "GRE"]
[Source "lmi"]
[SourceDate "2008.10.17"]
[WhiteTeam "Finek"]
[BlackTeam "Epam"]

1. d4 d5 2. c4 c6 3. Nf3 Nf6 4. e3 Bg4 5. h3 Bxf3 6. Qxf3 e6 7. Nc3 Bb4 8. Bd3
Nbd7 9. O-O O-O 10. Qd1 Ba5 11. a3 Bxc3 12. bxc3 e5 13. cxd5 cxd5 14. c4 exd4
15. exd4 dxc4 16. Bxc4 Nb6 17. Bb3 Nbd5 18. Qf3 Rc8 19. Bd2 Qd6 20. Rac1 Rxc1
21. Rxc1 h6 22. a4 Re8 23. Qf5 Qe6 24. Qxe6 fxe6 25. f3 Kf7 26. Kf1 Re7 27. Ke2
Rd7 28. Kd3 Ne7 29. Re1 Nfd5 30. f4 Nc6 31. Bxd5 Rxd5 32. Bc3 Rd7 33. g4
1/2-1/2

[Event "24. European Club Cup 2008 Femenino"]
[Site "Kallithea GRE"]
[Date "2008.10.18"]
[Round "2.3"]
[White "Matveeva, Svetlana"]
[Black "Turova, Irina"]
[Result "1/2-1/2"]
[WhiteElo "2411"]
[BlackElo "2381"]
[PlyCount "117"]
[EventDate "2008.10.17"]
[EventType "team-tourn"]
[EventRounds "7"]
[EventCountry "GRE"]
[Source "lmi"]
[SourceDate "2008.10.17"]
[WhiteTeam "Epam"]
[BlackTeam "Finek"]

1. d4 Nf6 2. c4 e6 3. Nc3 Bb4 4. Qc2 d5 5. a3 Bxc3+ 6. Qxc3 c5 7. dxc5 d4 8.
Qc2 e5 9. e3 Nc6 10. b4 O-O 11. Nf3 Re8 12. Bb2 d3 13. Qc3 e4 14. Nd2 a5 15. h3
axb4 16. axb4 Rxa1+ 17. Bxa1 h5 18. g3 Bf5 19. Bg2 Qd7 20. g4 Bxg4 21. hxg4
Qxg4 22. O-O Re5 23. Qxe5 Nxe5 24. Bxe5 h4 25. Kh2 Qe2 26. Bc3 Ng4+ 27. Kg1 f5
28. b5 h3 29. Bxh3 Nxf2 30. Rxf2 Qxe3 31. Bxf5 Qe1+ 32. Nf1 Qxc3 33. Bxe4 Qxc4
34. Bxb7 Qxc5 35. Bc6 Qg5+ 36. Rg2 Qc5+ 37. Kh2 Qh5+ 38. Kg3 Qg5+ 39. Kf2 Qc1
40. Ne3 Kf8 41. Rg5 Kf7 42. Rg1 Qb2+ 43. Kf3 Ke6 44. Ke4 Qc3 45. Rg6+ Kf7 46.
Rd6 d2 47. Rd3 Qc1 48. Bd5+ Ke7 49. b6 Qh1+ 50. Kd4 Qa1+ 51. Ke4 Qh1+ 52. Ke5
Qa1+ 53. Rd4 Qe1 54. Kf4 g5+ 55. Kf3 Qh1+ 56. Ke2 Qe1+ 57. Kf3 Qh1+ 58. Ke2
Qe1+ 59. Kf3 1/2-1/2

[Event "24. European Club Cup 2008 Femenino"]
[Site "Kallithea GRE"]
[Date "2008.10.18"]
[Round "2.4"]
[White "Dzagnidze, Nana"]
[Black "Paehtz, Elisabeth"]
[Result "1/2-1/2"]
[WhiteElo "2503"]
[BlackElo "2471"]
[PlyCount "181"]
[EventDate "2008.10.17"]
[EventType "team-tourn"]
[EventRounds "7"]
[EventCountry "GRE"]
[Source "lmi"]
[SourceDate "2008.10.17"]
[WhiteTeam "CEMC"]
[BlackTeam "Saratov"]

1. d4 e6 2. c4 Nf6 3. Nf3 Bb4+ 4. Bd2 c5 5. Bxb4 cxb4 6. g3 b6 7. a3 Qe7 8. Bg2
Bb7 9. O-O O-O 10. axb4 Qxb4 11. b3 Rc8 12. Ra4 Qe7 13. Nc3 d6 14. Qd3 a5 15.
e4 Nc6 16. Nh4 Nb4 17. Qe2 g6 18. f4 e5 19. fxe5 dxe5 20. d5 Rf8 21. Raa1 Nd7
22. Rad1 Nc5 23. d6 Qg5 24. Nf3 Qf6 25. Qe3 Qg7 26. Bh3 Rad8 27. d7 Nc2 28. Qd2
Nb4 29. Qd6 Qh6 30. Qxb6 Qe3+ 31. Kh1 Qxc3 32. Qxc5 Bxe4 33. Bg2 Bd3 34. Qe3 e4
35. Ng5 Nc2 36. Qf4 Rxd7 37. Nxe4 Bxe4 38. Bxe4 Rxd1 39. Rxd1 Qxb3 40. c5 Nb4
41. Rb1 Qe6 42. Bg2 Rc8 43. Qd4 Qf5 44. Rc1 Qg5 45. Rc3 Rd8 46. h4 Qe7 47. Qe3
Qxe3 48. Rxe3 Rd1+ 49. Kh2 Rc1 50. Re8+ Kg7 51. c6 Rc2 52. Rc8 a4 53. Ra8 Nxc6
54. Rxa4 Ne5 55. Rf4 f5 56. Kg1 Rc1+ 57. Rf1 Rc3 58. Kh2 Rc2 59. Kh3 Kf6 60.
Ra1 Nc4 61. Ra7 Ne3 62. Bf3 Rf2 63. Bh1 Ng4 64. Bg2 h5 65. Ra6+ Kg7 66. Ra7+
Kh6 67. Ra1 Rd2 68. Ra3 Nf2+ 69. Kh2 Nd3 70. Kg1 Rd1+ 71. Kh2 f4 72. gxf4 Nxf4
73. Bf3 Rd4 74. Ra6 Nd3 75. Kg3 Ne5 76. Be2 Nf7 77. Bf1 Rg4+ 78. Kh3 Rf4 79.
Bg2 Ne5 80. Re6 Nd3 81. Rd6 Ne5 82. Re6 Ng4 83. Kg3 Rf7 84. Bf3 Nf6 85. Rb6 Kg7
86. Rb7 Rxb7 87. Bxb7 Ng8 88. Bc6 Ne7 89. Bd7 Kf6 90. Be8 Nf5+ 91. Kh3 1/2-1/2

[Event "24. European Club Cup 2008 Femenino"]
[Site "Kallithea GRE"]
[Date "2008.10.18"]
[Round "2.4"]
[White "Kovanova, Baira"]
[Black "Socko, Monika"]
[Result "0-1"]
[WhiteElo "2379"]
[BlackElo "2434"]
[PlyCount "120"]
[EventDate "2008.10.17"]
[EventType "team-tourn"]
[EventRounds "7"]
[EventCountry "GRE"]
[Source "lmi"]
[SourceDate "2008.10.17"]
[WhiteTeam "Saratov"]
[BlackTeam "CEMC"]

1. e4 e5 2. Nf3 Nf6 3. Nc3 Nc6 4. Bb5 Bb4 5. O-O O-O 6. d3 d6 7. Bg5 Bxc3 8.
bxc3 Bd7 9. h3 h6 10. Bd2 Qe7 11. Qe2 a6 12. Bxc6 Bxc6 13. Nh4 Bd7 14. c4 b5
15. cxb5 axb5 16. Nf5 Bxf5 17. exf5 Ra4 18. a3 Qd7 19. f4 e4 20. g4 Re8 21. g5
exd3 22. Qxd3 Ne4 23. gxh6 Qxf5 24. hxg7 Qg6+ 25. Kh2 Rd4 26. Qxd4 Qg3+ 27. Kh1
Qxh3+ 28. Kg1 Qg4+ 29. Kh2 Nxd2 30. Qxd2 Re2+ 31. Qxe2 Qxe2+ 32. Kg3 Kxg7 33.
Rf2 Qe3+ 34. Rf3 Qd2 35. c3 Qb2 36. Rh1 Qxa3 37. f5 Kf6 38. Rh6+ Kg5 39. Rh1
Kf6 40. Rh6+ Ke7 41. f6+ Kd7 42. Rh4 Qa8 43. Re3 Qd5 44. Rf4 Kc6 45. Rff3 Kb6
46. Re7 c5 47. Kf2 c4 48. Kg3 b4 49. cxb4 Kb5 50. Kg4 Kxb4 51. Rf5 Qg2+ 52. Kf4
c3 53. Rxf7 Qc6 54. Re7 c2 55. Re4+ Kb3 56. Re3+ Kb2 57. f7 c1=Q 58. f8=Q Q6c4+
59. Kf3 Q1f1+ 60. Kg3 Qg1+ 0-1

[Event "24. European Club Cup 2008 Femenino"]
[Site "Kallithea GRE"]
[Date "2008.10.18"]
[Round "2.4"]
[White "Skripchenko, Almira"]
[Black "Kursova, Maria"]
[Result "1-0"]
[WhiteElo "2455"]
[BlackElo "2286"]
[PlyCount "91"]
[EventDate "2008.10.17"]
[EventType "team-tourn"]
[EventRounds "7"]
[EventCountry "GRE"]
[Source "lmi"]
[SourceDate "2008.10.17"]
[WhiteTeam "CEMC"]
[BlackTeam "Saratov"]

1. e4 c5 2. b3 d6 3. Bb2 e5 4. Bb5+ Nc6 5. Bxc6+ bxc6 6. Ne2 Nf6 7. d3 Be7 8.
O-O O-O 9. Nd2 Nh5 10. f4 exf4 11. Nxf4 Nxf4 12. Rxf4 Bg5 13. Rf1 Be3+ 14. Kh1
Qh4 15. Nf3 Qh6 16. Qe1 Bf4 17. Nh4 Be6 18. Qf2 Be3 19. Qf3 Bd4 20. Bxd4 cxd4
21. Qg3 Rad8 22. h3 Qd2 23. Rf2 Qa5 24. Nf3 c5 25. a4 Qb6 26. Raf1 d5 27. exd5
Bxd5 28. Nh4 Qb8 29. Qxb8 Rxb8 30. Rf5 Rfd8 31. Re1 Rbc8 32. Re7 a6 33. Rfe5 g6
34. Kg1 Be6 35. Nf3 h6 36. Nd2 Kf8 37. Ra7 Rc6 38. Re2 Kg7 39. Nf3 Rdd6 40. Ne5
Rc8 41. Rf2 Rf8 42. Re7 Rd5 43. Nc4 Rg5 44. Nd6 Re5 45. Ne4 Rc8 46. Rfxf7+ 1-0

[Event "24. European Club Cup 2008 Femenino"]
[Site "Kallithea GRE"]
[Date "2008.10.18"]
[Round "2.5"]
[White "Congiu, Mathilde"]
[Black "Chelushkina, Irina"]
[Result "0-1"]
[WhiteElo "2230"]
[BlackElo "2360"]
[PlyCount "74"]
[EventDate "2008.10.17"]
[EventType "team-tourn"]
[EventRounds "7"]
[EventCountry "GRE"]
[Source "lmi"]
[SourceDate "2008.10.17"]
[WhiteTeam "Vandoeucre"]
[BlackTeam "Rudovci"]

1. e4 g6 2. d4 Bg7 3. Nc3 c6 4. Be3 Qb6 5. Qd2 Qxb2 6. Rb1 Qa3 7. Bd3 Qa5 8.
Nge2 d6 9. O-O Nd7 10. h3 Qc7 11. f4 Ngf6 12. e5 Nd5 13. Nxd5 cxd5 14. Nc3 Nb6
15. Nb5 Qd8 16. exd6 exd6 17. f5 gxf5 18. Bg5 f6 19. Rbe1+ Kf7 20. Bf4 Bf8 21.
Qd1 h5 22. Be2 Kg6 23. h4 a6 24. Rf3 Kh7 25. Rg3 Rg8 26. Bxh5 Rxg3 27. Bxg3 Qd7
28. Re8 Qg7 29. Nxd6 Qxg3 30. Bf7 Qxh4 31. Rxf8 Bd7 32. Be8 Bxe8 33. Nxe8 Nd7
34. Nxf6+ Nxf6 35. Rxa8 Ng4 36. Qf3 Qe1+ 37. Qf1 Qe3+ 0-1